| 000 | 00762cam a22002411 4500 | ||
|---|---|---|---|
| 001 | sa 66007526 | ||
| 003 | DLC | ||
| 005 | 20260227112305.0 | ||
| 008 | 740123s1966 ii b 000 0 eng | ||
| 010 | _asa 66007526 | ||
| 025 | _aPL480:I-E-6916 | ||
| 040 |
_aDLC _cDLC _dDLC |
||
| 043 | _aa-ii--- | ||
| 050 | 0 | 0 |
_aKNS1760 _b.S53 1966 |
| 082 | 0 | 0 |
_a342.54 _a345.402 _219 |
| 100 | 1 |
_aSharma, Brij Mohan, _d1898- |
|
| 245 | 1 | 4 |
_aThe Republic of India: Constitution and government _c[by] B. M. Sharma. With a foreword by K. N. Katju. |
| 260 |
_aBombay, _aNew York, _bAsia Pub. House _c[1966] |
||
| 300 |
_axviii, 655 p. _c25 cm. |
||
| 504 | _aBibliography: p. 641-644. | ||
| 650 | 0 |
_aConstitutional law _zIndia. |
|
| 651 | 0 |
_aIndia _xPolitics and government _y1947- |
|
| 999 |
_c71237 _d71237 |
||